| 000 | 00572nam a22002057a 4500 | ||
|---|---|---|---|
| 005 | 20220729163254.0 | ||
| 008 | 220729b ||||| |||| 00| 0 eng d | ||
| 040 | _cAL | ||
| 041 | _aEnglish | ||
| 082 |
_223 _a350.72 _bTHAF |
||
| 100 |
_aM J K Thavaraj _954080 |
||
| 245 | _aFinancial Management of Government | ||
| 260 |
_aNew Delhi _bSultan Chand and sons |
||
| 300 |
_axvi,928 p. _bHB _c22x14.2 cm. |
||
| 365 |
_b₹100.00 _c₹ _d₹100.00 |
||
| 650 |
_aIndia _954081 |
||
| 650 |
_aFinance, Public _954082 |
||
| 700 |
_aTHAVARAJ (M J K) _954083 |
||
| 942 |
_2ddc _cGF |
||
| 999 |
_c224307 _d224307 |
||